000 00845cam a2200205 4500
001 WS122796
008 030627n 000 0 eng u
035 _a(Sirsi) u122796
110 _aInstitute of Assessors and Internal Verifers
_96007
245 _aInstitute of Assessors and Internal Verifers
_h[electronic resource]
520 _aWeb site for this organisation which represents individuals and organisations involved in the assessment and verification of NVQs and SVQs. Includes details of the services they offer. Formerly Institute of Verifers and Assessors
650 _aORGANISATION
650 _aNVQS
650 _aSVQS
650 _aASSESSORS
650 _aQUALIFICATIONS
690 _aCAREERS, EDUCATION AND TRAINING
856 4 0 _uhttps://www.iavltd.co.uk/
_zView the website free of charge at www.iavltd.co.uk
942 _n0
999 _c120293
_d120293